| 000 | 01027nam a2200229 a 4500 | ||
|---|---|---|---|
| 001 | 000032253 | ||
| 003 | OSt | ||
| 005 | 20201119112929.0 | ||
| 008 | 110713s1939 dr 000 0 spa d | ||
| 040 |
_aDO-SdBNP _bspa _cBNPHU |
||
| 082 | 4 |
_a366.1 _bL864m |
|
| 100 | 1 |
_aLopez-Penha, H. H.. _958379 |
|
| 245 | 1 | 0 |
_aMensaje de la masonería : _bel arte de la vida / H. H. Lopez-Penha |
| 260 |
_aCiudad Trujillo, República Dominicana : _bCaribe, _c1939. |
||
| 300 |
_a13 p. ; _c21 cm. |
||
| 505 | 0 | _tDiscurso pronunciado por el soberano gran comendador del supremo consejo del grado 33 para la jurisdicción de la República Dominicana, con motivo de la adjudición de la medalla y premio masónicos en las escuelas normales de Ciudad Trujillo, en el acto de investidura de maestros normalistas y bachilleres, | |
| 590 | _aInventariado, 2018/ YL | ||
| 650 | 4 |
_2Masonería _zRepública Dominicana _vEnsayos, conferencias, etc. _977317 |
|
| 651 |
_zRep _977318 |
||
| 910 | _aValidado. Control de calidad MFF | ||
| 942 |
_2ddc _cLBS1 |
||
| 999 |
_c31744 _d31744 |
||